Hlavní inflační faktory v České republice a jejich změna způsobená hospodářskou krizí

Analýza hlavných inflačných faktorov v Českej republike a identifikácia ich zmien spôsobených príchodom hospodárskej krízy.

Na minha lista:
Detalhes bibliográficos
Autor principal: Dobešová, Anna
Outros Autores: Kraváčková, Lenka
Formato: Capítulo de Livro
Idioma:tcheco
Assuntos:
Tags: Adicionar Tag
Sem tags, seja o primeiro a adicionar uma tag!

MARC

LEADER 00000naa a2200000 4500
001 0186355
005 20220715093637.9
041 0 |a cze 
044 |a SK 
245 1 0 |a Hlavní inflační faktory v České republice a jejich změna způsobená hospodářskou krizí  |c Anna Dobešová, Lenka Kraváčková 
520 |a Analýza hlavných inflačných faktorov v Českej republike a identifikácia ich zmien spôsobených príchodom hospodárskej krízy. 
610 2 0 |a Česko 
610 2 0 |a kríza hospodárska 
610 2 0 |a inflácia 
610 2 0 |a analýza regresná 
610 2 0 |a reformy štruktúrne 
100 1 |a Dobešová, Anna 
700 1 |a Kraváčková, Lenka